Statistics for Click to translate : Picard

Click here to take the quiz!

General Stats

  • This quiz has been taken 32 times
  • The average score is 10 of 15

Answer Stats

HintAnswer% Correct
BieuBeautiful
94%
VakCow
82%
CampField
82%
BousWood
82%
PoéyisCountry
76%
ChindeAsh
71%
BerzillageDestruction
71%
CacheuHunter
71%
KminPath
71%
BertcherHerder
65%
DgèreWar
65%
BzinerRun
59%
BraireCry
53%
AchteurCurrently
53%
BrindezingueDrunk
41%

Score Distribution

Percentile by Number Answered

Percent of People with Each Score

Your Score History

You have not taken this quiz